Revolution in Bavaria 1918-1919: (Record no. 236242)

MARC details
000 -LEADER
fixed length control field 00651nam a2200229Ia 4500
003 - CONTROL NUMBER IDENTIFIER
control field OSt
005 - DATE AND TIME OF LATEST TRANSACTION
control field 20260429123323.0
008 - FIXED-LENGTH DATA ELEMENTS--GENERAL INFORMATION
fixed length control field 220917b |||||||| |||| 00| 0 eng d
037 ## - SOURCE OF ACQUISITION
Terms of availability TB
040 ## - CATALOGING SOURCE
Original cataloging agency ARTS
Transcribing agency ARTS
Language of cataloging eng
041 ## - LANGUAGE CODE
Source of code eng
Language code of text/sound track or separate title eng
084 ## - COLON CLASSIFICATION NUMBER
Classification number V55.N1 K5
Assigning agency AL
100 ## - MAIN ENTRY--PERSONAL NAME
Personal name Mitchell, Allen
9 (RLIN) 112165
245 #0 - TITLE STATEMENT
Title Revolution in Bavaria 1918-1919:
Remainder of title The Eisner Regime and the Soviet Republic
260 ## - PUBLICATION, DISTRIBUTION, ETC.
Place of publication, distribution, etc. Princeton, USA:
Name of publisher, distributor, etc. Princeton University Press,
Date of publication, distribution, etc. 1965.
300 ## - PHYSICAL DESCRIPTION
Extent 374p.
650 ## - SUBJECT ADDED ENTRY--TOPICAL TERM
Source of heading or term Germany-History
650 ## - SUBJECT ADDED ENTRY--TOPICAL TERM
Source of heading or term War
650 ## - SUBJECT ADDED ENTRY--TOPICAL TERM
Source of heading or term History
942 ## - ADDED ENTRY ELEMENTS (KOHA)
Classification part V55.N1 K5
Koha item type Textbook
Source of classification or shelving scheme Colon Classification (CC)
Holdings
Withdrawn status Lost status Source of classification or shelving scheme Damaged status Not for loan Home library Current library Date acquired Total Checkouts Full call number Barcode Date last seen Price effective from Koha item type
    Colon Classification (CC)     Arts Library Arts Library 2022-09-18   V55.N1 K5 AL0213600 2022-09-18 2022-09-18 Textbook
Copyright @ Delhi University Library System